| 000 | 02442nam a22003617a 4500 | ||
|---|---|---|---|
| 001 | 100939 | ||
| 003 | KnowledgeUnlatched | ||
| 005 | 20210303105314.0 | ||
| 006 | m o d | ||
| 007 | cr u|||||||||| | ||
| 008 | 210129p20182018enk o u00| u eng d | ||
| 035 | _a(OCoLC)1019647468 | ||
| 037 | _5BiblioBoard | ||
| 245 | 0 | 0 |
_aSmall is Necessary _bShared Living on a Shared Planet / _cAnitra Nelson. |
| 020 | _a9781786801883 | ||
| 029 | 1 | _ahttps://library.biblioboard.com/ext/api/media/abb63eee-6eb1-450d-8b3b-46b7223b6783/assets/thumbnail.jpg | |
| 040 |
_aScCtBLL _cScCtBLL |
||
| 100 | 1 |
_aNelson, Anitra _eauthor. |
|
| 264 | 1 | _bPluto Press, | |
| 300 | _a1 online resource. | ||
| 506 | 0 |
_aAccess copy available to the general public. _fUnrestricted _2star |
|
| 520 | _aDoes small mean less? Not necessarily. In an era of housing crises, environmental unsustainability and social fragmentation, the need for more sociable, affordable and sustainable housing is vital. The answer? Shared living - from joint households to land-sharing, cohousing and ecovillages. Using successful examples from a range of countries, Anitra Nelson shows how 'eco-collaborative housing' - resident-driven low impact living with shared facilities and activities - can address the great social, economic and sustainability challenges that householders and capitalist societies face today. Sharing living spaces and facilities results in householders having more amenities and opportunities for neighbourly interaction. Small is Necessary places contemporary models of 'alternative' housing and living at centre stage arguing that they are outward-looking, culturally rich, with low ecological footprints and offer governance techniques for a more equitable and sustainable future. | ||
| 588 | 0 | _aDescription based on print version record. | |
| 590 | _aKU Select 2017: Front list Collection | ||
| 650 | 7 |
_aScience / Environmental Science (see Also Chemistry / Environmental) _2bisacsh |
|
| 650 | 0 | _aScience | |
| 655 | 0 | _aElectronic books. | |
| 758 |
_iIs found in: _aKnowledge Unlatched _1https://openresearchlibrary.org/module/2774bc74-146a-484f-a7ba-ab1d6a09bbfb |
||
| 856 | 4 | 0 |
_uhttps://openresearchlibrary.org/content/abb63eee-6eb1-450d-8b3b-46b7223b6783 _zView this content on Open Research Library. _70 |
| 999 |
_c34119 _d34119 |
||